00386cam a2200157ua 45000010005000000080039000050400009000440820013000531000025000662450038000912500009001292600039001383000017001776530019001946530015002133537111121n ii |||gr||||Z||||||asm cMAIN a891.4513 aBhattacharya, Gobin,11aKhala bomacby Gobin Bhattacharya a1st. aDibrugarh:bAsam Pradip Prakashan. a128p:c23cm. aAssamese novel aKhala boma